Lucio Fontana
保存先:
| 第一著者: | |
|---|---|
| フォーマット: | 図書 |
| 言語: | スペイン語 |
| 出版事項: |
Barcelona
Gustavo Gili
1966
|
| 版: | 1a. ed |
| シリーズ: | Colecci{on Nueva Orbita
|
| 主題: | |
| タグ: |
タグ追加
タグなし, このレコードへの初めてのタグを付けませんか!
|
MARC
| LEADER | 00000cam a2200000 a 4500 | ||
|---|---|---|---|
| 001 | UCD2197 | ||
| 003 | CL-VaPUC | ||
| 008 | 160414e19660000sp |||||||||||||||||spa|d | ||
| 082 | 0 | 4 | |a 759.5 |b CIR |2 21 |
| 100 | |a Cirlot, Juan Eduardo |e author |9 304005 | ||
| 245 | 1 | 0 | |a Lucio Fontana |
| 250 | |a 1a. ed | ||
| 300 | |a 59 p | ||
| 942 | |c BK | ||
| 945 | |d 20160414 22:20:00 |a arojas | ||
| 260 | |a Barcelona |b Gustavo Gili |c 1966 | ||
| 600 | 0 | 7 | |a FONTANA, LUCIO |2 CL-VaPUC |9 438825 |
| 650 | 0 | |a Pintores italianos |9 265277 | |
| 650 | 0 | |a Pintura italiana |9 265293 | |
| 583 | |a last modification |c 20160414 22:20:00 |k Rodrigo Vera | ||
| 490 | 0 | |a Colecci{on Nueva Orbita | |
| 999 | |c 363392 |d 363390 | ||
| 952 | |0 0 |1 0 |3 erd |4 0 |6 759_500000000000000_CIR_1966 |7 0 |8 R |9 475592 |a BIBART |b BIBART |i 5281873 |l 1 |o 759.5 CIR 1966 |p 5281873 |r 2025-03-13 |s 2024-10-21 |w 2019-11-24 |y BK_R |z Catalogado en:20160414 |k ART | ||